00249nam a22001097a 4500020001500000040001200015082000800027100002200035245002500057260004700082300001000129 a9693707338 cMSOHAIL a809 aDr. Jameel Jalibi aArastu Se Elliot Tak aIslamabadbNational Book Foundationcc2008 a560;p